Normal view
MARC view
- Cutting, L
Entry Personal Name
001 - CONTROL NUMBER
- control field: 3107
003 - CONTROL NUMBER IDENTIFIER
- control field: OSt
005 - DATE AND TIME OF LATEST TRANSACTION
- control field: 20180523111255.0
008 - FIXED-LENGTH DATA ELEMENTS
- fixed length control field: 180523|| aca||aabn | a|a d
040 ## - CATALOGING SOURCE
- Original cataloging agency: OSt
- Transcribing agency: OSt
100 ## - HEADING--PERSONAL NAME
- Personal name: Cutting, L
670 ## - SOURCE DATA FOUND
- Source citation: Work cat.: (OSt): Cutting, L, Fish processing and preservation, 2012
